Sai speaks about his childhood : (Record no. 143640)

MARC details
000 -LEADER
fixed length control field 00834nam a22002177a 4500
005 - DATE AND TIME OF LATEST TRANSACTION
control field 20230524172816.0
010 ## - LCCN (DPL NO)
LC control number ENG-119916 ENG-137033
020 ## - INTERNATIONAL STANDARD BOOK NUMBER
Terms of availability 140.00
035 ## - SYSTEM CONTROL NUMBER
System control number EN-103448
035 ## - SYSTEM CONTROL NUMBER
System control number EN-120565
037 ## - SOURCE OF ACQUISITION
Source of stock number/acquisition DBAD/PUB
082 ## - DEWEY DECIMAL CLASSIFICATION NUMBER
Classification number 230.35
245 ## - TITLE STATEMENT
Title Sai speaks about his childhood :
Statement of responsibility, etc compiled and edited by Suresh C. Bhatnagar
Remainder of title based on Sai's discourses /
260 ## - PUBLICATION, DISTRIBUTION, ETC. (IMPRINT)
Place of publication, distribution, etc Andhra Pradesh
Name of publisher, distributor, etc Sri Sathya Sai Sadhana Trust, Publications Division
Date of publication, distribution, etc 2011
270 ## - ADDRESS
Address Prasanthi Nilayam, Anantapur District,
City Andhra Pradesh
Postal code 515134
300 ## - PHYSICAL DESCRIPTION
Extent xxiii,365p. :
Dimensions 25cm(Hb)
Other physical details ill.
500 ## - GENERAL NOTE
General note Includes bibliographical references
505 ## - FORMATTED CONTENTS NOTE
Formatted contents note A humble offering to bhagawan Sri Sathya Sai Baba on his 85th auspicious birthday
700 ## - ADDED ENTRY--PERSONAL NAME
Personal name Bhatnagar, Suresh C.
942 ## - ADDED ENTRY ELEMENTS (KOHA)
Source of classification or shelving scheme Dewey Decimal Classification
Item type English Books
Classification part 230.35
Call number suffix SAI
Holdings
Withdrawn status Lost status Not for loan Collection code Home library Current library Date acquired Source of acquisition Cost, normal purchase price Full call number Barcode Copy number Cost, replacement price Koha item type
      Non-fiction Ashok Vihar Ashok Vihar 24/05/2023 DBAD/PUB 140.00 230.35 SAI EN-120565 1 140.00 English Books
    Not For Loan Non-fiction D.B.Act.Division D.B.Act.Division 22/08/2017 DBAD/PUB 140.00 230.35 SAI EN-103448 1 140.00 English Books

© Delhi Public Library
Hit Counter
free hit counter